[Event "EU-ch Blitz"]
[Site "Zagreb"]
[Date "2023.12.16"]
[Round "7"]
[White "Schoppen, Casper"]
[Black "Ohanyan, Emin"]
[Result "0-1"]
[WhiteElo "2537"]
[BlackElo "2456"]
[PlyCount "80"]
[EventDate "2023.12.16"]
[EventType "swiss (blitz)"]
[EventRounds "13"]
[EventCountry "CRO"]
[SourceTitle "CB51_2023"]
[SourceDate "2023.12.20"]
[SourceVersion "1"]
[SourceVersionDate "2023.12.20"]
[SourceQuality "1"]

1. d4 Nf6 2. c4 e6 3. Nf3 d5 4. g3 dxc4 5. Bg2 c6 6. 0-0 b5 7. a4 Bb7 8. Ne5 a6 9. Nc3 Be7 10. b3 b4 11. Ne4 Nxe4 12. Bxe4 c3 13. Qd3 g6 14. Bh6 a5 15. Rad1 Bf8 16. Bxf8 Kxf8 17. Qf3 f5 18. Bd3 Kg7 19. Bc4 Qe7 20. Rfe1 Nd7 21. Nxc6 Qd6 22. d5 e5 23. e4 Rhf8 24. exf5 Rxf5 25. Qe3 h5 26. h4 Nc5 27. Nxe5 Re8 28. Qd4 Kh7 29. Nd3 Rxe1+ 30. Rxe1 Nxd3 31. Bxd3 Rxd5 32. Qa7 Rxd3 33. Qxb7+ Kh6 34. Re8 Rd1+ 35. Kh2 Qf6 36. Kg2 Rd2 37. Qf3 Qxf3+ 38. Kxf3 c2 39. Rc8 Rd3+ 40. Ke2 Rc3 0-1

[Event "EU-ch Rapid"]
[Site "Zagreb"]
[Date "2023.12.15"]
[Round "11"]
[White "Sarana, Alexey"]
[Black "Schoppen, Casper"]
[Result "1-0"]
[WhiteElo "2688"]
[BlackElo "2537"]
[PlyCount "237"]
[EventDate "2023.12.14"]
[EventType "swiss (rapid)"]
[EventRounds "11"]
[EventCountry "CRO"]
[SourceTitle "CB51_2023"]
[SourceDate "2023.12.20"]
[SourceVersion "1"]
[SourceVersionDate "2023.12.20"]
[SourceQuality "1"]

1. d4 Nf6 2. c4 e6 3. Nc3 Bb4 4. e3 0-0 5. Bd3 d5 6. Nf3 dxc4 7. Bxc4 c5 8. 0-0 Nc6 9. a3 Ba5 10. h3 a6 11. dxc5 Bxc3 12. bxc3 Qxd1 13. Rxd1 Na5 14. Ba2 Bd7 15. Ne5 Rfd8 16. Rd4 Rac8 17. a4 Rxc5 18. Nxd7 Rxd7 19. Ba3 Rcc7 20. Rad1 Nc6 21. Rxd7 Rxd7 22. Rxd7 Nxd7 23. Kf1 Nb6 24. Bb3 Na5 25. Bc2 Nac4 26. Bc1 Kf8 27. Ke2 h6 28. Kd3 Ke7 29. Bb3 Na5 30. Ba3+ Ke8 31. Bc2 Nac4 32. Bc1 Kd7 33. f4 h5 34. e4 g6 35. Kd4 Kd6 36. e5+ Kc7 37. g3 Kc6 38. Bd1 Kc7 39. g4 hxg4 40. Bxg4 Na5 41. Bd1 Nc6+ 42. Kd3 Nd5 43. c4 Nde7 44. h4 Nb4+ 45. Kd2 Kb6 46. h5 gxh5 47. Bxh5 Ng6 48. Ba3 Nc6 49. Bd6 Ka5 50. Kc3 Nxf4 51. Bxf7 Kxa4 52. Kd2 Nd8 53. Bg8 Ng6 54. Bh7 Nf4 55. Bc2+ Ka5 56. Bc7+ Kb4 57. Bxd8 Kxc4 58. Bh7 b5 59. Bg5 Nd5 60. Bh4 Kd4 61. Bg3 a5 62. Bg8 Nc7 63. Bf2+ Kd5 64. Bb6 Na6 65. Bxa5 Kxe5 66. Bh7 Nc5 67. Kc3 Kd5 68. Kb4 Kc6 69. Bd8 Na6+ 70. Ka5 Nc7 71. Bd3 Kd7 72. Bh4 Kc6 73. Bg3 Kd7 74. Kb6 Nd5+ 75. Kxb5 Ne7 76. Kc5 Nf5 77. Bf4 Ke7 78. Kc6 Nd4+ 79. Kc7 Nf5 80. Bg5+ Kf7 81. Kd7 Ng7 82. Kd6 Nf5+ 83. Ke5 Ng7 84. Bc1 Nf5 85. Kf4 Kg6 86. Bb2 Kf7 87. Kg5 Ne7 88. Be2 Nd5 89. Bh5+ Ke7 90. Ba3+ Kd7 91. Bf3 Ke8 92. Kg6 Kd7 93. Kf7 Nc7 94. Bc1 Nd5 95. Bg4 Nc7 96. Bf4 Kc6 97. Bg3 Kd7 98. Bh2 Kd8 99. Bd1 Kc8 100. Ke7 Kb7 101. Kd6 Nb5+ 102. Kc5 Nc3 103. Bf3+ Nd5 104. Be5 Kc8 105. Kd6 Nb6 106. Kc6 Nd7 107. Bc7 Nb8+ 108. Kd6 Na6 109. Ba5 e5 110. Be4 Kb8 111. Kc6 Ka7 112. Kb5 Nc7+ 113. Kc6 Na6 114. Bc3 Nb8+ 115. Kb5 Nd7 116. Bf5 Nf6 117. Kc6 Ng8 118. Kd6 Kb6 119. Bxe5 1-0

[Event "EU-ch Rapid"]
[Site "Zagreb"]
[Date "2023.12.15"]
[Round "8"]
[White "Schoppen, Casper"]
[Black "Livaic, Leon"]
[Result "1-0"]
[WhiteElo "2537"]
[BlackElo "2543"]
[PlyCount "83"]
[EventDate "2023.12.14"]
[EventType "swiss (rapid)"]
[EventRounds "11"]
[EventCountry "CRO"]
[SourceTitle "CB51_2023"]
[SourceDate "2023.12.20"]
[SourceVersion "1"]
[SourceVersionDate "2023.12.20"]
[SourceQuality "1"]

1. c4 Nf6 2. g3 g6 3. Bg2 Bg7 4. Nf3 0-0 5. d4 d6 6. Nc3 Nbd7 7. 0-0 e5 8. e4 exd4 9. Nxd4 Re8 10. h3 Nc5 11. Re1 h6 12. Nb3 Ne6 13. Kh2 h5 14. f4 h4 15. g4 Nd7 16. Be3 g5 17. fxg5 Ne5 18. Qe2 Nxg5 19. Nd5 Be6 20. Nd4 Bxd5 21. exd5 Ng6 22. Nf5 Be5+ 23. Kh1 Bf4 24. Qf2 Bxe3 25. Rxe3 Rxe3 26. Qxe3 Nh7 27. Rf1 Ne5 28. c5 Qf8 29. cxd6 cxd6 30. Nxh4 Rc8 31. Be4 f6 32. Bxh7+ Kxh7 33. Qe4+ Kg8 34. Qf5 Rc7 35. Qe6+ Kh7 36. Rxf6 Qg7 37. Qf5+ Kg8 38. Rxd6 Rc1+ 39. Kg2 Qc7 40. Qg5+ Kf7 41. Rf6+ Ke8 42. Qg8+ 1-0

[Event "NED-ch Blitz Final"]
[Site "Rotterdam"]
[Date "2023.09.09"]
[Round "2"]
[White "Schoppen, Casper"]
[Black "Van Arkel, Rogier"]
[Result "1-0"]
[WhiteElo "2522"]
[BlackElo "2204"]
[PlyCount "75"]
[EventDate "2023.09.09"]
[EventType "tourn (blitz)"]
[EventRounds "11"]
[EventCountry "NED"]
[EventCategory "9"]
[SourceTitle "EXT 2024"]
[Source "ChessBase"]
[SourceDate "2023.10.10"]
[SourceVersion "1"]
[SourceVersionDate "2023.10.10"]
[SourceQuality "1"]

1. e4 c5 2. Nf3 d6 3. Bb5+ Nd7 4. a4 Ngf6 5. Nc3 a6 6. Be2 e6 7. a5 b5 8. axb6 Nxb6 9. 0-0 Qc7 10. d4 cxd4 11. Qxd4 Bb7 12. Be3 Nfd7 13. Rfd1 e5 14. Qd3 Be7 15. Nd2 Nc5 16. Bxc5 Qxc5 17. Nb3 Qc7 18. Na5 Bc8 19. Nc4 Nxc4 20. Qxc4 Qxc4 21. Bxc4 Bb7 22. Bd5 Bxd5 23. Nxd5 Bd8 24. Rd3 Kd7 25. Rda3 a5 26. b4 g6 27. bxa5 f5 28. f3 Ra7 29. a6 Rf8 30. Rb3 Kc6 31. Ra4 fxe4 32. fxe4 Bg5 33. Rc4+ Kd7 34. Rb7+ Rxb7 35. axb7 Rb8 36. Rc7+ Ke6 37. Rxh7 Rf8 38. h4 1-0

[Event "Dieren op"]
[Site "Dieren"]
[Date "2023.07.26"]
[Round "2"]
[White "Schoppen, Casper"]
[Black "Van Delft, Merijn"]
[Result "1-0"]
[WhiteElo "2498"]
[BlackElo "2369"]
[PlyCount "129"]
[EventDate "2023.07.25"]
[EventType "swiss"]
[EventRounds "9"]
[EventCountry "NED"]
[SourceTitle "CBM 215 Extra"]
[Source "ChessBase"]
[SourceDate "2023.09.30"]
[SourceVersion "1"]
[SourceVersionDate "2023.09.30"]
[SourceQuality "1"]

1. d4 Nf6 2. c4 g6 3. Nc3 Bg7 4. e4 d6 5. f3 0-0 6. Nge2 c5 7. d5 e6 8. Ng3 exd5 9. cxd5 a6 10. a4 Nbd7 11. Be2 h5 12. 0-0 Qc7 13. Be3 Rb8 14. Qd2 Re8 15. Rab1 Ne5 16. h3 c4 17. b4 cxb3 18. Rxb3 Nc4 19. Bxc4 Qxc4 20. Rfb1 Nd7 21. Nge2 Ne5 22. Ba7 Ra8 23. Bd4 f5 24. Rb4 Qd3 25. Qxd3 Nxd3 26. Rb6 Bf8 27. exf5 gxf5 28. Rd1 Ne5 29. Nf4 h4 30. Bf2 Be7 31. Ne6 Rb8 32. Ne2 Nc4 33. Rb4 Bxe6 34. dxe6 d5 35. Rbb1 b5 36. axb5 axb5 37. Rxd5 b4 38. Rxf5 b3 39. Bd4 Bd6 40. Nf4 Bxf4 41. Rxf4 Rxe6 42. Rxh4 Rb5 43. Rh8+ Kf7 44. Rh7+ Kg6 45. Rg7+ Kh6 46. Rc7 Nd2 47. Rb2 Re2 48. Bc3 Rd5 49. Bxd2+ Rdxd2 50. Rxd2 Rxd2 51. Rb7 b2 52. Kh2 Kg5 53. Kg3 Kf5 54. h4 Kg6 55. Rb5 Kh6 56. f4 Kg6 57. Kf3 Rd3+ 58. Ke4 Rg3 59. Rxb2 Kh5 60. f5 Kxh4 61. f6 Ra3 62. f7 Ra8 63. Kf5 Kh5 64. Re2 Kh6 65. Re8 1-0

[Event "Vlissingen HZ op 24th"]
[Site "Vlissingen"]
[Date "2022.08.12"]
[Round "8"]
[White "Schoppen, Casper"]
[Black "Santiago, Yago de Moura"]
[Result "1/2-1/2"]
[WhiteElo "2507"]
[BlackElo "2490"]
[PlyCount "46"]
[EventDate "2022.08.06"]
[EventType "swiss"]
[EventRounds "9"]
[EventCountry "NED"]
[SourceTitle "CBM 209 Extra"]
[Source "ChessBase"]
[SourceDate "2022.09.30"]
[SourceVersion "1"]
[SourceVersionDate "2022.09.30"]
[SourceQuality "1"]

1. Nf3 Nf6 2. g3 e6 3. Bg2 d5 4. 0-0 g6 5. d4 Bg7 6. c4 0-0 7. Nc3 c6 8. b3 Nbd7 9. Qc2 Re8 10. Bb2 b6 11. e4 Nxe4 12. Nxe4 dxe4 13. Qxe4 Bb7 14. Rad1 Rc8 15. Ne5 Qe7 16. Rd2 Nf6 17. Qf3 Red8 18. Rfd1 Rc7 19. Qe3 Rdc8 20. h3 Rb8 21. Bc3 Rbc8 22. Bb2 Rb8 23. Bc3 Rbc8 1/2-1/2

[Event "Vlissingen HZ op 24th"]
[Site "Vlissingen"]
[Date "2022.08.06"]
[Round "1"]
[White "Hendrikse, Ad"]
[Black "Schoppen, Casper"]
[Result "0-1"]
[WhiteElo "1893"]
[BlackElo "2507"]
[PlyCount "82"]
[EventDate "2022.08.06"]
[EventType "swiss"]
[EventRounds "9"]
[EventCountry "NED"]
[SourceTitle "CBM 209 Extra"]
[Source "ChessBase"]
[SourceDate "2022.09.30"]
[SourceVersion "1"]
[SourceVersionDate "2022.09.30"]
[SourceQuality "1"]

1. e4 c5 2. Nf3 Nc6 3. d4 cxd4 4. Nxd4 Nf6 5. Nc3 d6 6. Be2 e5 7. Nb3 Be7 8. Be3 Be6 9. 0-0 0-0 10. f3 a5 11. a4 Nb4 12. Rc1 Rc8 13. f4 Rxc3 14. bxc3 Na2 15. Qd3 Nxc1 16. Rxc1 Qc7 17. f5 Bd7 18. Ra1 Bc6 19. Bf3 g6 20. fxg6 hxg6 21. Nd2 Rc8 22. c4 Bd7 23. Rb1 Bxa4 24. Bb6 Qc6 25. Kh1 Bd8 26. Bxd8 Rxd8 27. c3 Qc7 28. Qe3 Bc6 29. g3 a4 30. h3 Qe7 31. Rf1 Ra8 32. Bg2 a3 33. Ra1 Nd7 34. Ra2 Qe6 35. Kh2 Nc5 36. Bf1 Ra4 37. Bd3 Nxd3 38. Qxd3 b5 39. cxb5 Qxa2 40. bxc6 Ra8 41. Qxd6 Qe6 0-1

[Event "NED-chT 2122"]
[Site "Netherlands"]
[Date "2022.04.23"]
[Round "9.2"]
[White "Schoppen, Casper"]
[Black "Roebers, Eline"]
[Result "1/2-1/2"]
[WhiteElo "2494"]
[BlackElo "2304"]
[PlyCount "103"]
[EventDate "2021.09.18"]
[EventType "team-tourn"]
[EventRounds "9"]
[EventCountry "NED"]
[SourceTitle "EXT 2023"]
[Source "ChessBase"]
[SourceDate "2022.10.05"]
[SourceVersion "1"]
[SourceVersionDate "2022.10.05"]
[SourceQuality "1"]
[WhiteTeam "Leiden LSG"]
[BlackTeam "Kennemer Combinatie"]
[WhiteTeamCountry "NED"]
[BlackTeamCountry "NED"]

1. d4 d5 2. c4 c6 3. Nf3 Nf6 4. e3 e6 5. b3 Ne4 6. Bd3 Bb4+ 7. Nfd2 f5 8. 0-0 0-0 9. f3 Nf6 10. Bb2 a5 11. Na3 a4 12. Nc2 Bd6 13. b4 Qc7 14. g3 g5 15. Qe1 Nh5 16. e4 b5 17. c5 Be7 18. a3 Bf6 19. Rd1 Na6 20. Bc1 Qg7 21. e5 Bd8 22. Nb1 Qf7 23. g4 Ng7 24. f4 gxf4 25. gxf5 exf5 26. Bxf4 Nc7 27. Kh1 Nce6 28. Bh6 Qh5 29. Bxg7 Nxg7 30. Qe2 Qh6 31. Nd2 Nh5 32. Rg1+ Kh8 33. Qf3 Be6 34. Ne3 Bg5 35. Ndf1 Bf4 36. Rd2 Rg8 37. Rdg2 Rxg2 38. Rxg2 Bxe3 39. Qxe3 Qxe3 40. Nxe3 Nf4 41. Rd2 Nxd3 42. Rxd3 Rg8 43. Ng2 Rg4 44. h3 Re4 45. Kh2 Kg7 46. Kg3 Bf7 47. Nf4 Kh6 48. Ng2 Bh5 49. Nf4 Bf7 50. Ng2 Bh5 51. Nf4 Bf7 52. Ng2 1/2-1/2